| 000 | 00692nam a22002657a 4500 | ||
|---|---|---|---|
| 001 | BR9903138 | ||
| 003 | BR-BrBNA | ||
| 005 | 20230928100423.0 | ||
| 007 | ta | ||
| 008 | 230509b bl.||||| |||| 00| 0 por d | ||
| 040 |
_aBR-BrBNA _bpor _cBiblioteca Nacional de Agricultura |
||
| 041 | _a(Por) | ||
| 072 | _aB50 | ||
| 090 | _ B50 BR9903138 | ||
| 100 | 1 | _aMoura, S.R. de | |
| 245 | 1 |
_aSenhores de engenho e usineiros, a nobreza de Pernambuco _bColecao Tempo Municipal 17 |
|
| 260 | 3 |
_aRecife, PE (Brasil): _c1998. |
|
| 300 | _a320 p. | ||
| 650 | _aEngenho | ||
| 650 | _aUsina | ||
| 650 | _aHistoria | ||
| 650 | _aPernambuco | ||
| 909 |
_a202309 _bLucia _c55 _dLucia Elande |
||
| 942 | _cBK | ||
| 999 |
_c61261 _d61261 |
||